Prekladový anglicko-slovenský frazeologický slovník
Salvato in:
| Autore principale: | |
|---|---|
| Natura: | Libro |
| Lingua: | inglese slovacco |
| Pubblicazione: |
Bratislava
VEDA
2014
|
| Edizione: | 1. vyd. |
| Soggetti: | |
| Tags: |
Nessun Tag, puoi essere il primo ad aggiungerne!!
|
MARC
| LEADER | 00000nam a2200000 4500 | ||
|---|---|---|---|
| 001 | 0234806 | ||
| 005 | 20221207093744.9 | ||
| 020 | |a 978-80-224-1385-5 | ||
| 041 | 0 | |a eng | |
| 041 | 0 | |a slo | |
| 044 | |a SK | ||
| 245 | 1 | 0 | |a Prekladový anglicko-slovenský frazeologický slovník |c Pavol Kvetko |
| 250 | |a 1. vyd. | ||
| 264 | 1 | |a Bratislava |b VEDA |c 2014 | |
| 300 | |a 631 s. | ||
| 610 | 2 | 0 | |a jazykoveda |
| 610 | 2 | 0 | |a terminológia |
| 610 | 2 | 0 | |a pojmy |
| 610 | 2 | 0 | |a frazeológia |
| 610 | 2 | 0 | |a jazyky cudzie |
| 100 | 1 | |a Kvetko, Pavol | |